Vplyv zloženia syntézneho plynu na parametre spaľovacieho motora

Salvato in:
Dettagli Bibliografici
Autore principale: Jakubjak, Juraj (Autore)
Altri autori: Chríbik, Andrej (Relatore della tesi)
Natura: Manoscritto Libro
Lingua:slovacco
Pubblicazione: 2020
Soggetti:
Accesso online:http://is.stuba.sk/zp/portal_zp.pl?podrobnosti=150576
Tags: Aggiungi Tag
Nessun Tag, puoi essere il primo ad aggiungerne!!

MARC

LEADER 00000ntm a22000003a 4500
001 stuzp79954
003 SK-STU
005 20200711210640.3
007 ta
008 150427s2015----xo-----f-mn---000-0-slo-d
040 |a STU  |b slo 
041 0 |a slo 
100 1 |a Jakubjak, Juraj  |u 020030  |k Z4  |4 aut  |U SjF Strojnícka fakulta  |T SjF Ústav dopravnej techniky a konštruovania  |X 81366  |U J0030  |Y 806  |7 81366 
242 0 1 |a Influence of synthesis gas composition on combustion engine parameters  |y eng 
245 1 0 |a Vplyv zloženia syntézneho plynu na parametre spaľovacieho motora 
260 |c 2020 
650 4 |a Alternative fuel  |2 eng 
650 4 |a Combustion engine  |2 eng 
650 4 |a Synthesis gas  |2 eng 
650 4 |a Spaľovací motor  |2 slo 
650 4 |a Alternatívne palivo  |2 slo 
650 4 |a Syntézny plyn  |2 slo 
700 1 |a Chríbik, Andrej  |u 020030  |k Z1  |4 ths  |U SjF Strojnícka fakulta  |T SjF Ústav dopravnej techniky a konštruovania  |X 26808  |U J0030  |Y 806  |7 A000026808 
856 4 |u http://is.stuba.sk/zp/portal_zp.pl?podrobnosti=150576